000 00570nam a2200229Ia 4500
003 OSt
005 20221005120130.0
006 a|||||r|||| 00| 0
007 ta
008 221004b |||||||| |||| 00| 0 eng d
024 _a34382
037 _cTextual
040 _aCRL
_cCRL
_beng
041 _2eng
_aeng
082 _aN5541xM81, K3
100 _aPicasso Pable
_9628571
245 0 _aDejeuners text ed by Douglas Cooper
260 _c1963
650 _aARTS
942 _hN5541xM81, K3
_cTEXL
_2cc
999 _c1036949
_d1036949